| 000 | 00556nam a2200205Ia 4500 | ||
|---|---|---|---|
| 003 | GCL | ||
| 008 | 140319s9999 xx 000 0 eng d | ||
| 040 |
_aGCL / _cGCL |
||
| 082 | 0 | 4 |
_a770.92 _bV P |
| 100 | 1 | _aMONAD, THEODORE | |
| 245 | 1 | 0 |
_aPIERRE FATUMBI VERGER: DIEUX L'AFRIQUE / _cMONAD, THEODORE |
| 700 | 1 | _aBASTIDE, ROGER | |
| 700 | 1 | _aVERGER, PIERRE | |
| 260 |
_a[S.N] : _bEDITIONS REVUE ، _c1995 |
||
| 300 | _a416 P | ||
| 650 | 0 | 4 | _aPHOTOGRAPHY |
| 650 | 0 | 4 | _aPHOTOGRAPHY - BIBLIOGRAPHY |
| 650 | 0 | 4 | _aVERGER, PIERRE FATUMBE |
| 942 |
_2ddc _cBK |
||
| 999 |
_c16422 _d16422 |
||